zpět

Detail výsledku týmu

Burger & Beer Brothers, Olomouc

Datum a čas kvízu

27.5 Celkem bodů Celkový počet nahraných bodů na tomto kvízu bez doplňovacích otázek.
4. Pořadí na kvízu Konečné umístění týmu na tomto kvízu.

Zaznamenané odpovědi

# Otázka Odpověď Body Výsledky
1. Do čtvrteční výstražné stávky... 1
2. Slovenská vládní krize přinesl... 0
3. 15. března při zahájení Febiof... 0
4. Americký prezident Donald Trum... 0
5. Sezona silniční cyklistiky zač... 0.5
6. Stephen Hawking, jehož obdivuh... 1
7. V 70. letech se Hawking intele... 0
8. Hawking se během své vědecké d... 1
9. Jako student byl Stephen horli... 0
10. V roce 2014 byl britským režis... 1